| 000 | 00987nam a2200217Ia 4500 | ||
|---|---|---|---|
| 003 | OSt | ||
| 005 | 20241120154213.0 | ||
| 007 | ca aa aaaaa | ||
| 008 | 201103s9999 xx 000 0 und d | ||
| 040 | _cSSBUL | ||
| 041 | _abur | ||
| 082 |
_223 _a၂၉၄.၃၈၂၃ တေ _b၉၃၇၃ S-SAT |
||
| 100 | 0 |
_a တေဇိန္ဒမထေရ်၊ အရှင် _917426 |
|
| 245 | 0 |
_aပရိတ်ကြီးပါဠိတော် / _cအရှင်တေဇိန္ဒမထေရ်။ |
|
| 260 |
_aရန်ကုန် ၊ _bသုဓမ္မဝတီစာပုံနှိပ်တိုက်၊ _c၁၉၇၇။ |
||
| 300 |
_aဈ၊ ၁၈၆ စာမျက်နှာ ၊ _c၁၈ စင်တီ။ |
||
| 500 | _aမွန်- မြန်မာ- ယိုးဒယား- သီဟိုဠ်မူလေးမျိုးပါဝင်သည်။ | ||
| 500 | _aS-SAT: Dr. Sai Aung Tun | ||
| 650 | _aပရိတ်ကြီး | ||
| 942 |
_2ddc _cBK1 |
||
| 999 |
_c16867 _d16867 |
||